Subhas Chandra Bose : (Record no. 165503)

MARC details
000 -LEADER
fixed length control field 00780nam a22002057a 4500
005 - DATE AND TIME OF LATEST TRANSACTION
control field 20190620143021.0
010 ## - LCCN (DPL NO)
LC control number ENG-125683
020 ## - INTERNATIONAL STANDARD BOOK NUMBER
International Standard Book Number 9788179755686
Terms of availability 995.00
035 ## - SYSTEM CONTROL NUMBER
System control number EN-109215
037 ## - SOURCE OF ACQUISITION
Source of stock number/acquisition DBAD/PUB
082 ## - DEWEY DECIMAL CLASSIFICATION NUMBER
Classification number 954.084
245 ## - TITLE STATEMENT
Title Subhas Chandra Bose :
Statement of responsibility, etc ed. by Raghav Sharan Sharma [and] Rebabrata Biswas
Remainder of title pioneer of Indian economic and polotical planning /
260 ## - PUBLICATION, DISTRIBUTION, ETC. (IMPRINT)
Place of publication, distribution, etc New Delhi
Name of publisher, distributor, etc Anamika Publilshers
Date of publication, distribution, etc 2018
270 ## - ADDRESS
Address 4697/3, 21A, Ansari Road, Daryaganj
City New Delhi
Postal code 110002
Telephone number 011-23281655, 011-23270239
Electronic mail address anamikapublishers@yahoo.co.in
300 ## - PHYSICAL DESCRIPTION
Extent 328p.
Dimensions 23cm(Hb)
500 ## - GENERAL NOTE
General note Includes bibliographical references and index
700 ## - ADDED ENTRY--PERSONAL NAME
Personal name Sharma, Raghav Sharan
700 ## - ADDED ENTRY--PERSONAL NAME
Personal name Biswas, Debabrata
942 ## - ADDED ENTRY ELEMENTS (KOHA)
Source of classification or shelving scheme Dewey Decimal Classification
Item type English Books
Classification part 954.084
Call number suffix HUM
Holdings
Withdrawn status Lost status Not for loan Collection code Home library Current library Date acquired Source of acquisition Cost, normal purchase price Full call number Barcode Copy number Cost, replacement price Koha item type
      Non-fiction Ashok Vihar Ashok Vihar 20/06/2019 DBAD/PUB 995.00 954.084 HUM EN-109215 1 995.00 English Books

© Delhi Public Library
Hit Counter
free hit counter